000 00264nam a2200109Ia 4500
008 200302s9999 xx 000 0 und d
100 _aB. Hazra
245 _aGeration & Air-Conditioning
260 _bDhanpat Rai & Co. (P) Ltd.
260 _c2000
300 _a376 P.,
999 _c1251
_d1251